Misremembered People from History - Statistics

General Stats
  • This quiz has been taken 39 times
  • The average score is 6 of 10
Answer Stats
Hint Answer % Correct
This president built a wall in West Germany, overthrew Fidel Castro, and pulled troops out of Vietnam. John F. Kennedy
94%
This leader made generous deals with the minor's union, let the Falkland Islands declare independence, and was assassinated by the IRA. Margaret Thatcher
78%
This Emperor went on holiday to Egypt, didn't like Moscow, and caught a train at Waterloo Napoleon
78%
This talk show host owns a car factory, ran a syndicate for 25 years, and has been dubbed 'The Queen of Armenia' Oprah Winfrey
61%
This person studied folklore in London, marched to the sea to buy sugar, and struggled for Navajo Independence. Mahatma Gandhi
58%
This musician recorded his first record in space, had the first interplanetary band, and wrote a song about the England vs Australia cricket matches. David Bowie
56%
This musician was the lead singer of the Windows, was great friends with Ed Sullivan, and died in a plaster of paris shop Jim Morrison
56%
This leader launched the Big Jump Back, released poetry with 'The Wee Scarlet Novella', and invented 'Touchdown Diplomacy' Mao Zedong
44%
This Duck had a model railway which was very punctual Benito Mussolini
14%
This person traded securities during the day, built airplanes in his spare time, and died on an ocean liner Leonardo DiCaprio
11%
No matching quizzes found
Score Distribution
Percent of People with Each Score
Percentile by Number Answered
Your Score History
You have not taken this quiz